| 000 | 00626nam a22001697a 4500 | ||
|---|---|---|---|
| 999 |
_c7963 _d7963 |
||
| 003 | GBCCL | ||
| 005 | 20241126110640.0 | ||
| 008 | 181121b ||||| |||| 00| 0 eng d | ||
| 040 | _cGBC | ||
| 082 |
_aARCH GBC-2006 _bKHA |
||
| 100 |
_aKhamthianlun _913894 |
||
| 245 |
_aAn Evaluation of Christian Worship in Vangai Division Evangelical Baptist Convention Church From Biblical Perspective | _cKhamthianlun |
||
| 260 |
_aNew Lamka: _bGrace Bible College, _c2006 |
||
| 300 |
_aix - 53 p.; _c29 x 30 cm. |
||
| 650 |
_aChristian Worship _vVangai Division _vEvangelical Baptist Convention _xBiblical Perspective _913895 |
||
| 942 |
_2ddc _cTH |
||